| 000 | 00553nam a2200205 a 4500 | ||
|---|---|---|---|
| 001 | BRCA_6691 | ||
| 005 | 20190320205544.0 | ||
| 008 | 171011s1932----nyua######---#000-0#eng-# | ||
| 041 | _aeng | ||
| 044 | _any | ||
| 050 | 4 |
_aGV1282.3 _b.C85 _c1932 |
|
| 245 | 1 | 0 |
_aCulbertson“s summary _bcontract bridge at a glance _cEly Culbertson |
| 260 |
_aNueva York _bBridge World _c1932 |
||
| 300 |
_a47 p. _c15 cm. |
||
| 500 | _aI74 | ||
| 650 | 1 | 4 |
_aApuestas _xJuego de cartas (Bridge) _915655 |
| 700 | 1 |
_aCulbertson, Ely _916730 |
|
| 902 | _aGFM | ||
| 942 |
_2lcc _cB |
||
| 999 |
_c6374 _d6374 |
||